|
|
|
|
| LEADER |
00999nam a2200217 a 4500 |
| 001 |
1340185 |
| 008 |
090512s1976 xx a b 000 0 eng d |
| 010 |
|
|
|a 79108484
|
| 040 |
|
|
|a DLC
|c DLC
|d DLC
|
| 082 |
0 |
0 |
|a 631.5/622
|2 18
|
| 245 |
1 |
0 |
|a Postharvest grain loss assessment methods :
|b a manual of methods for the evaluation of postharvest losses /
|c developed and compiled by Kenton L. Harris and Carl J. Lindblad.
|
| 260 |
|
|
|a [S.l.] :
|b American Association of Cereal Chemists,
|c [1978?].
|
| 300 |
|
|
|a xii, 193 p. : ill. ; 24 cm.
|
| 504 |
|
|
|a Includes bibliographical references[191] and index
|
| 541 |
1 |
|
|e 00000379
|
| 650 |
|
0 |
|a Crops Postharvest technology.
|
| 700 |
1 |
|
|a Harris, Kenton L.
|
| 700 |
1 |
|
|a Lindblad, Carl J.
|
| 852 |
4 |
|
|a Ayesha Abed Library
|j General Shelf.
|
| 999 |
|
|
|c 9098
|d 9098
|
| 952 |
|
|
|0 0
|1 0
|2 ddc
|4 0
|6 631_562200000000000_POS_1978
|7 0
|9 11308
|a BRACUL
|b BRACUL
|c GEN
|d 2010-06-28
|g 0.00
|l 0
|o 631.5622 POS
|p 3010000379
|r 2010-06-28
|t 1
|w 2010-06-28
|y BK
|z Not price in Register
|x Not price in Register
|